| 000 | 01026nam0a2200301 i 4500 | ||
|---|---|---|---|
| 001 | RU\NLR\bibl\1883930 | ||
| 005 | 20260406091921.0 | ||
| 010 |
_a9785699550043 _92100 |
||
| 021 |
_aRU _b2012-15747 _987д/12 |
||
| 035 | _a(NLR Aleph) 001873676 | ||
| 090 |
_a2695718 _c2695718 |
||
| 100 | _a20120326d2011 u y0rusy50 ca | ||
| 101 | 1 |
_arus _ceng |
|
| 102 | _aRU | ||
| 105 | _ay ||||||||| | ||
| 200 | 1 |
_aОстров на краю света _e[роман] _fДжоанн Харрис _g[пер. с англ. Татьяны Боровиковой] |
|
| 210 |
_aСанкт-Петербург _cДомино _aМосква _cЭксмо _d2011 |
||
| 215 |
_a461, [1] с. _d20 |
||
| 225 | 1 | _aDiamondS | |
| 225 | 1 | _aМировая коллекция | |
| 686 | 1 | _aШ6(4Вл)67-440.4{Лх1299-50} | |
| 700 | 1 |
_4070 _8rus _7ca _aХаррис _bД. _f1964- _gДжоанн _3RU\NLR\auth\7761915 _944845 |
|
| 801 | 0 |
_aRU _bNLR _c20120326 _gRCR |
|
| 801 | 1 |
_aRU _bNLR _c20120326 |
|
| 942 | _cBOOK | ||
| 980 | _aNBR | ||